000 00648nam a2200181 i 4500
001 60039
003 ES-MaACL
005 20230906164138.0
007 t|
008 031103s1987 sp ||||1| spa d
020 _a84-505-4458-0
245 0 0 _aRegulación de la función pública estatal, autonómica y local.
260 _aMadrid :
_bConsejería de Gobernación, Dirección General de Administración Local,
_c1987.
300 _a325 p. ;
_c30 cm.
650 4 _aFuncionarios-
_xEstatuto jurídico-
_zEspaña.
_9164741
710 1 _aMadrid (Comunidad Autónoma).
_bDirección General de Administración Local.
_95609
852 _aES-MaACL
_jC-12853
999 _c60039
_d60039